书目信息 |
| 题名: |
渭南印象
|
|
| 作者: | 卢川 绘画 | |
| 分册: | ||
| 出版信息: | 北京 学苑出版社 2013 |
|
| 页数: | 140页 | |
| 开本: | 21cm | |
| 丛书名: | ||
| 单 册: | ||
| 中图分类: | J224.2 | |
| 科图分类: | ||
| 主题词: | 钢笔画--速写--作品集--中国--现代 , 速写 , 钢笔画 | |
| 电子资源: | ||
| ISBN: | 978-7-5077-4318-0 | |
| 000 | 00953nam0 2200265 450 | |
| 001 | 142325 | |
| 005 | 20141220160352.71 | |
| 010 | @a978-7-5077-4318-0@dCNY 38.00 | |
| 100 | @a20131009d2013 em y0chiy50 ea | |
| 101 | 0 | @achi@aeng |
| 102 | @aCN@b110000 | |
| 105 | @aa z 000yy | |
| 200 | 1 | @a渭南印象@9wei nan yin xiang@b专著@dImpressions of Weinan@f卢川绘画 撰文@zeng |
| 210 | @a北京@c学苑出版社@d2013 | |
| 215 | @a140页@d21cm | |
| 300 | @a故园画忆系列 | |
| 330 | @a本书收录了120张钢笔速写,以渭南地区境内古代木构建筑、古城区、古村落为主要表现对象,描绘了不同县市的古迹遗存和风土民俗,展现了古建筑个体与其文化环境构成所具备的独特人文魅力,同时加入了一些对画作描写和介绍的中英文说明。 | |
| 510 | 1 | @aImpressions of Weinan@zeng |
| 606 | 0 | @a钢笔画@x速写@x作品集@y中国@z现代 |
| 606 | 0 | @a速写 |
| 606 | 0 | @a钢笔画 |
| 690 | @aJ224.2@v5 | |
| 701 | 0 | @a卢川@9lu chuan@c(美术)@4绘画@4撰文 |
| 801 | 0 | @c20141220 |
| 905 | @a241430@dJ224.2@eL780 | |
| 渭南印象=Impressions of Weinan/卢川绘画 撰文.-北京:学苑出版社,2013 |
| 140页;21cm |
| 故园画忆系列 |
| ISBN 978-7-5077-4318-0:CNY 38.00 |
| 本书收录了120张钢笔速写,以渭南地区境内古代木构建筑、古城区、古村落为主要表现对象,描绘了不同县市的古迹遗存和风土民俗,展现了古建筑个体与其文化环境构成所具备的独特人文魅力,同时加入了一些对画作描写和介绍的中英文说明。 |
| ● |
| 相关链接 |
|
|
|
正题名:渭南印象
索取号:J224.2/L780
 
预约/预借
| 序号 | 登录号 | 条形码 | 馆藏地/架位号 | 状态 | 备注 |
| 1 | 1134586 | 211345864 | 社科库309/309社科库 76排2列3层/ [索取号:J224.2/L780] | 在馆 | |
| 2 | 1134587 | 211345873 | 社科库309/309社科库 76排2列3层/ [索取号:J224.2/L780] | 在馆 | |
| 3 | 1134588 | 211345882 | 社科库309/309社科库 76排2列3层/ [索取号:J224.2/L780] | 在馆 |